| 000 | 00538cam a2200145 4500500 | ||
|---|---|---|---|
| 005 | 20260222000643.0 | ||
| 041 | _afre | ||
| 042 | _adc | ||
| 100 | 1 | 0 |
_aDagorn, René-Éric _eauthor |
| 245 | 0 | 0 | _aLe Nouveau Nationalisme américain - Anatol Lieven, Gallimard, coll. « Folio », 2006, 490 p., 8,50 €. |
| 260 | _c2006. | ||
| 500 | _a24 | ||
| 786 | 0 | _nSciences Humaines | 174 | 8 | 2006-08-01 | p. 17-17 | 0996-6994 | |
| 856 | 4 | 1 | _uhttps://shs.cairn.info/magazine-sciences-humaines-2006-8-page-17?lang=fr&redirect-ssocas=7080 |
| 999 |
_c1662931 _d1662931 |
||